[Event "Terrassa op"]
[Site "Terrassa"]
[Date "1996.??.??"]
[Round "7"]
[White "Aguirre Izaguirre, Pedro Jose"]
[Black "Martinez Pascual, Jaime"]
[Result "1-0"]
[WhiteElo "2210"]
[BlackElo "2135"]
[PlyCount "55"]
[EventDate "1996.07.??"]
[EventType "swiss"]
[EventRounds "9"]
[EventCountry "ESP"]
[SourceTitle "EXT 2002"]
[Source "ChessBase"]
[SourceDate "2001.11.25"]
[SourceVersion "1"]
[SourceVersionDate "2001.11.25"]
[SourceQuality "1"]

1. c4 e6 2. Nf3 d5 3. b3 d4 4. Bb2 c5 5. b4 b6 6. bxc5 bxc5 7. e3 Nc6 8. exd4 cxd4 9. Bd3 e5 10. Be4 Bd7 11. Bxc6 Bxc6 12. Nxe5 Qe7 13. 0-0 Qxe5 14. Re1 Be4 15. d3 0-0-0 16. Rxe4 Qc5 17. Ba3 Qb6 18. Bxf8 Rxf8 19. Nd2 f5 20. Re5 Qc7 21. Nf3 Ne7 22. Qa4 Rf6 23. Rae1 Nc6 24. Rc5 Qb6 25. Rb5 Qc7 26. Qa6+ Kd8 27. Rd5+ Rd6 28. Nxd4 1-0

[Event "Terrassa op"]
[Site "Terrassa"]
[Date "1996.??.??"]
[Round "3"]
[White "Garcia Cano, Antonio"]
[Black "Martinez Pascual, Jaime"]
[Result "1-0"]
[WhiteElo "2320"]
[BlackElo "2135"]
[PlyCount "69"]
[EventDate "1996.07.??"]
[EventType "swiss"]
[EventRounds "9"]
[EventCountry "ESP"]
[SourceTitle "EXT 2002"]
[Source "ChessBase"]
[SourceDate "2001.11.25"]
[SourceVersion "1"]
[SourceVersionDate "2001.11.25"]
[SourceQuality "1"]

1. e4 c5 2. Nf3 d6 3. c3 Nf6 4. Bc4 Nxe4 5. Qa4+ Nc6 6. Bxf7+ Kxf7 7. Qxe4 e5 8. d4 Be7 9. dxe5 Bf6 10. Qd5+ Be6 11. Qxd6 Qxd6 12. exd6 Bd5 13. Be3 Bxf3 14. gxf3 Rhe8 15. Nd2 b6 16. Rd1 Rad8 17. Ne4 Ne5 18. Ke2 Rd7 19. b3 Ng6 20. Rd2 Re5 21. a4 h6 22. b4 cxb4 23. cxb4 Re6 24. a5 Bd8 25. axb6 axb6 26. Rd5 Re5 27. Rxe5 Nxe5 28. Rc1 Ra7 29. Rc8 Rd7 30. f4 Ng4 31. Rxd8 Rxd8 32. Bxb6 Rd7 33. Bc7 Ke8 34. b5 Nf6 35. Nxf6+ 1-0

[Event "Terrassa op"]
[Site "Terrassa"]
[Date "1996.??.??"]
[Round "6"]
[White "Martinez Pascual, Jaime"]
[Black "Garreta Martinez, Albert"]
[Result "1-0"]
[WhiteElo "2135"]
[BlackElo "2095"]
[PlyCount "43"]
[EventDate "1996.07.??"]
[EventType "swiss"]
[EventRounds "9"]
[EventCountry "ESP"]
[SourceTitle "EXT 2002"]
[Source "ChessBase"]
[SourceDate "2001.11.25"]
[SourceVersion "1"]
[SourceVersionDate "2001.11.25"]
[SourceQuality "1"]

1. d4 f5 2. c4 Nf6 3. Nc3 e6 4. e3 d5 5. a3 b6 6. cxd5 exd5 7. Bd3 c6 8. Qc2 g6 9. b4 Bd6 10. f3 0-0 11. Nge2 Kg7 12. 0-0 Qe7 13. e4 fxe4 14. fxe4 dxe4 15. Nxe4 Nxe4 16. Rxf8 Qxf8 17. Bxe4 Bf5 18. Bb2 Nd7 19. Rf1 Qe7 20. d5+ Kg8 21. Bxf5 Rf8 22. Be6+ 1-0

[Event "Terrassa op"]
[Site "Terrassa"]
[Date "1996.??.??"]
[Round "8"]
[White "Martinez Pascual, Jaime"]
[Black "Hernando Rodrigo, Inmaculada"]
[Result "1/2-1/2"]
[WhiteElo "2135"]
[BlackElo "2100"]
[PlyCount "23"]
[EventDate "1996.07.??"]
[EventType "swiss"]
[EventRounds "9"]
[EventCountry "ESP"]
[SourceTitle "EXT 2002"]
[Source "ChessBase"]
[SourceDate "2001.11.25"]
[SourceVersion "1"]
[SourceVersionDate "2001.11.25"]
[SourceQuality "1"]

1. d4 Nf6 2. c4 e6 3. Nc3 Bb4 4. Qc2 c5 5. e3 Nc6 6. Nf3 d6 7. a3 Bxc3+ 8. Qxc3 Ne4 9. Qd3 f5 10. Be2 0-0 11. 0-0 Ne7 12. b4 1/2-1/2